Statistiken für Am dichtesten besiedelte Kreise Deutschlands

Klicken Sie hier um das Quiz zu spielen!

Allgemein

  • Dieses Quiz wurde 101 mal gespielt
  • Das Durchschnittsergebnis liegt bei 12 aus 20

Antwortstatistiken

DichteBundeslandkreis% Korrekt
4.777BayernMünchen
96%
3.948BerlinBerlin
95%
3.074HessenFrankfurt am Main
92%
3.067Baden-WürttembergStuttgart
90%
2.860Nordrhein-WestfalenDüsseldorf
89%
2.771Nordrhein-WestfalenEssen
80%
2.781BayernNürnberg
78%
999HessenOffenbach
71%
2.902HessenOffenbach am Main
71%
788Nordrhein-WestfalenStädteregion Aachen
65%
2.734Nordrhein-WestfalenOberhausen
57%
807Nordrhein-WestfalenRecklinghausen
49%
3.043Nordrhein-WestfalenHerne
48%
800SaarlandRV Saarbrücken
48%
1.192Nordrhein-WestfalenMettmann
47%
1.073HessenMain-Taunus-Kreis
37%
784Nordrhein-WestfalenRhein-Kreis Neuss
37%
791Nordrhein-WestfalenEnnepe-Ruhr-Kreis
34%
794Baden-WürttembergLudwigsburg
31%
834Baden-WürttembergEsslingen
30%

Verteilung der Resultate

Perzentil nach korrekt beantworteten Fragen

Anzahl Personen mit jedem Resultat

Ihre Resultats-Entwicklung

Sie haben dieses Quiz noch nicht gespielt